Veinte poemas desesperados y una canción de amor

Gorde:
Xehetasun bibliografikoak
Egile nagusia: Gallardo, Helio
Formatua: Liburua
Hizkuntza:Undetermined
Argitaratua: San José, Costa Rica Editorial Arlekín 2019
Gaiak:
Etiketak: Etiketa erantsi
Etiketarik gabe, Izan zaitez lehena erregistro honi etiketa jartzen!

MARC

LEADER 00000nam a2200000Ia 4500
008 170316s9999 xx 000 0 und d
040 |a cru BVZT 
090 |a 868 G-2.1v 
100 |a Gallardo, Helio  |9 611 
245 |a Veinte poemas desesperados y una canción de amor  |c Helio Gallardo 
260 |a San José, Costa Rica  |b Editorial Arlekín  |c 2019 
300 |a 100 páginas 
650 0 |a LITERATURA COSTARRICENSE  |9 17 
650 0 |a POESÍA  |9 18 
942 |c 15 D  |2 z  |h 868 G-2.1v  |i 1780CO  |i 1781CO  |i 1782CO  |i 1783CO  |6 868_G21V_1780CO__1781CO__1782CO__1783CO 
999 |c 30878  |d 30878